000 00631nam a2200229Ia 4500
001 14225
003 GE_BSU
008 181216s||||||||xx |||||||||||||| ||und||
020 _a1840384468
040 _cGE_BSU
100 _aEvans,Mark.B.Phil
245 _aNAtural Healing.Remedies & Therapies
245 _bNature's Way to health, relaxation and Vitality. A complete practical guide
260 _aLondon
260 _bHermes House
260 _c1999
300 _a256p.ill.30cm.
653 _aNAtural Healing.
653 _aNature's Way to health, relaxation and Vitality
653 _aRemedies & Therapies
942 _cBK
999 _c47364
_d47364